[Event "ISR-chT 1112"]
[Site "Israel"]
[Date "2012.03.02"]
[Round "11.3"]
[White "Mikhalevski, Alexander"]
[Black "Shevelev, Arkady"]
[Result "1/2-1/2"]
[WhiteElo "2438"]
[BlackElo "2317"]
[PlyCount "31"]
[EventDate "2011.12.16"]
[EventType "team-tourn"]
[EventRounds "11"]
[EventCountry "ISR"]
[SourceTitle "EXT 2013"]
[Source "ChessBase"]
[SourceDate "2012.11.22"]
[SourceVersion "1"]
[SourceVersionDate "2012.11.22"]
[SourceQuality "1"]

1. d4 Nf6 2. c4 c5 3. d5 b5 4. Nf3 bxc4 5. Nc3 d6 6. e4 Nbd7 7. Bxc4 g6 8. 0-0 Bg7 9. h3 Rb8 10. Re1 0-0 11. Qc2 Nh5 12. g4 Nhf6 13. Bf4 Nb6 14. Bf1 e5 15. Bg5 h6 16. Bh4 1/2-1/2

[Event "ISR-chT 1011"]
[Site "Israel"]
[Date "2011.06.10"]
[Round "11.4"]
[White "Mikhalevski, Alexander"]
[Black "Vydeslaver, Alik"]
[Result "1-0"]
[WhiteElo "2435"]
[BlackElo "2387"]
[PlyCount "77"]
[EventDate "2010.12.24"]
[EventType "team-tourn"]
[EventRounds "11"]
[EventCountry "ISR"]
[SourceTitle "EXT 2012"]
[Source "ChessBase"]
[SourceDate "2011.11.24"]
[SourceVersion "1"]
[SourceVersionDate "2011.11.24"]
[SourceQuality "1"]
[WhiteTeam "Petah Tikva Elitzur"]
[BlackTeam "Beer Sheva II"]
[WhiteTeamCountry "ISR"]
[BlackTeamCountry "ISR"]

1. d4 Nf6 2. c4 c5 3. d5 e6 4. Nc3 exd5 5. cxd5 d6 6. e4 g6 7. Nf3 Bg7 8. Bg5 h6 9. Bh4 a6 10. Nd2 b5 11. Be2 Nbd7 12. f4 0-0 13. 0-0 Re8 14. Bf3 Bb7 15. a4 b4 16. Ncb1 Qc7 17. Qc2 c4 18. Nxc4 b3 19. Qxb3 Nxe4 20. Nbd2 Bxd5 21. Qd3 Qc5+ 22. Kh1 Nxd2 23. Bxd5 Nxc4 24. Bxc4 Re3 25. Qd2 Nb6 26. Ba2 Re4 27. Rac1 Rd4 28. Qe2 Qf5 29. Rc7 d5 30. Bb1 Qh5 31. Qxh5 gxh5 32. b3 Rb4 33. Bc2 Rc8 34. Rxc8+ Nxc8 35. Re1 Nd6 36. Rd1 Nf5 37. Bxf5 Rxf4 38. g4 hxg4 39. Bc8 1-0